| 000 -CABECERA |
| Longitud fija campo de control |
00394nam a2200145 a 4500 |
| 001 - NÚMERO DE CONTROL |
| Número de control |
1177 |
| 003 - IDENTIFICADOR DEL NÚMERO DE CONTROL |
| Identificador del número de control |
CDMR |
| 005 - FECHA Y HORA DE LA ÚLTIMA TRANSACCIÓN |
| Fecha y hora de la última transacción |
20130311113455.0 |
| 008 - CÓDIGOS DE INFORMACIÓN DE LONGITUD FIJA |
| Códigos de información de longitud fija |
130130s2008||||||||||||||||||||||||||||d |
| 040 ## - FUENTE DE LA CATALOGACIÓN |
| Centro catalogador de origen |
CDMR |
| Lengua de catalogación |
cat |
| Centro transcriptor |
CPC LLEIDA |
| 100 1# - PUNTO DE ACCESO PRINCIPAL-NOMBRE DE PERSONA |
| Nombre de persona |
Solé Marti, Esther |
| 9 (RLIN) |
922 |
| 245 10 - MENCIÓN DE TÍTULO |
| Título |
Enric Crous-Vidal Enfant terrible 1908-1987 |
| Mención de responsabilidad, etc. |
SOLÉ MARTI, Esther |
| 260 ## - PUBLICACIÓN, DISTRIBUCIÓN, ETC. (PIE DE IMPRENTA) |
| Lugar de publicación, distribución, etc. |
Lleida |
| Fecha de publicación, distribución, etc. |
2008 |
| Nombre del editor, distribuidor, etc. |
La Clamor |
| 942 ## - ENTRADA DE ELEMENTOS AGREGADOS (KOHA) |
| Koha [por defecto] tipo de item |
Monografies |
| Fuente de clasificaión o esquema |
|